|
|
|
|
| LEADER |
00000nam0a2200000 4500 |
| 001 |
289992 |
| 005 |
20240204113633.0 |
| 035 |
|
|
|a (RuTPU)RU\TPU\book\314520
|
| 090 |
|
|
|a 289992
|
| 100 |
|
|
|a 20150403d2013 k y0rusy50 ca
|
| 101 |
0 |
|
|a rus
|a eng
|
| 102 |
|
|
|a RU
|
| 105 |
|
|
|a a z 101zy
|
| 200 |
1 |
|
|a Импульс-2013
|e труды X Международной научно-практической конференции студентов, молодых ученых и предпринимателей в сфере экономики, менеджмента и инноваций, Томск, 27-29 ноября 2013 г.
|f Национальный исследовательский Томский политехнический университет (ТПУ) ; под ред. С. Л. Ереминой
|
| 210 |
|
|
|a Томск
|c Изд-во ТПУ
|d 2013
|
| 215 |
|
|
|a 444 с.
|c ил.
|
| 320 |
|
|
|a Библиография в конце докладов.
|
| 330 |
|
|
|a Сборник содержит доклады участников конференции ИМПУЛЬС-2013 по широкому кругу теоретических и практических проблем в сфере экономики, менеджмента и инноваций.Предназначен для студентов управленческих специальностей, молодых ученых, предпринимателей, а также всем, кто интересуется экономикой, менеджментом и связанными с ними дисциплинами.
|
| 606 |
1 |
|
|a Экономика
|x Россия
|2 stltpush
|3 (RuTPU)RU\TPU\subj\37358
|9 58389
|
| 606 |
1 |
|
|a Экономика теоретическая
|2 stltpush
|3 (RuTPU)RU\TPU\subj\64450
|
| 610 |
1 |
|
|a предпринимательская деятельность
|
| 610 |
1 |
|
|a менеджмент
|
| 610 |
1 |
|
|a инновации
|
| 610 |
1 |
|
|a инновационная деятельность
|
| 610 |
1 |
|
|a мировая экономика
|
| 610 |
1 |
|
|a финансы
|
| 610 |
1 |
|
|a маркетинг
|
| 610 |
1 |
|
|a реклама
|
| 610 |
1 |
|
|a управленческая деятельность
|
| 610 |
1 |
|
|a конференции
|
| 610 |
1 |
|
|a Томск
|
| 610 |
1 |
|
|a труды учёных ТПУ
|
| 686 |
|
|
|a У011л0
|2 rubbk
|
| 686 |
|
|
|a У9(2)0л0
|2 rubbk
|
| 702 |
|
1 |
|a Еремина
|b С. Л.
|c экономист
|c профессор Томского политехнического университета, доктор экономических наук
|f 1955-
|g Софья Леонидовна
|3 (RuTPU)RU\TPU\pers\27937
|4 340
|9 12940
|
| 712 |
0 |
2 |
|a Национальный исследовательский Томский политехнический университет (ТПУ)
|c (2009- )
|3 (RuTPU)RU\TPU\col\15902
|
| 712 |
0 |
2 |
|a Импульс-2013
|c Международная научно-практическая конференция
|d 10
|e Томск
|f 2013
|
| 801 |
|
1 |
|a RU
|b 63413507
|c 20150403
|
| 801 |
|
2 |
|a RU
|b 63413507
|c 20150414
|g RCR
|
| 942 |
|
|
|c BK
|